One crazy summer : Gaither Sisters/ Rita Williams-Garcia.
In One Crazy Summer, eleven-year-old Delphine is like a mother to her two younger sisters, Vonetta and Fern. She's had to be, ever since their mother, Cecile, left them seven years ago for a radical new life in California. But when the sisters arrive from Brooklyn to spend the summer with their mother, Cecile is nothing like they imagined. While the girls hope to go to Disneyland and meet Tinker Bell, their mother sends them to a day camp run by the Black Panthers. Unexpectedly, Delphine, Vonetta, and Fern learn much about their family, their country, and themselves during one truly crazy summer.
Record details
- ISBN: 0060760885
- ISBN: 9780060760885
- ISBN: 0060760893
- ISBN: 9780060760892
- Physical Description: 218 pages ; 22 cm
- Edition: First edition.
- Publisher: New York : Amistad, ©2010.
Content descriptions
| Target Audience Note: | Ages 9-12. |
| Awards Note: | A Junior Library Guild selection Newbery Honor Book, 2011 Coretta Scott King Author Award, 2011 National Book Award Winner, 2011 |
Search for related items by subject
| Genre: | Juvenile works Historical fiction. Novels. |
Search for related items by series
Available copies
- 1 of 1 copy available at scottsboropl.
Holds
- 0 current holds with 1 total copy.
Show Only Available Copies
| Location | Call Number / Copy Notes | Barcode | Shelving Location | Status | Due Date |
|---|---|---|---|---|---|
| scottsboropl | JF Wil | 32269000917206 | Juvenile - Display | Available | - |
| LDR | 01899cam a2200457 a 4500 | ||
|---|---|---|---|
| 001 | 121266 | ||
| 003 | SBPL | ||
| 005 | 20160202113418.0 | ||
| 008 | 090316s2010 nyu j 000 1 eng | ||
| 010 | . | ‡a 2009009293 | |
| 020 | . | ‡a0060760885 ‡q(trade bdg.) | |
| 020 | . | ‡a9780060760885 ‡q(trade bdg.) | |
| 020 | . | ‡a0060760893 ‡q(lib. bdg.) | |
| 020 | . | ‡a9780060760892 ‡q(lib. bdg.) | |
| 035 | . | ‡a(CONS)121266 | |
| 035 | . | ‡a(CPomAG)LMN439751 | |
| 050 | 0 | 0. | ‡aPZ7.W6713 ‡bOn 2010 |
| 082 | 0 | 0. | ‡a[Fic] ‡222 |
| 100 | 1 | . | ‡aWilliams-Garcia, Rita. : ‡eauthor. |
| 245 | 1 | 0. | ‡aOne crazy summer : ‡bGaither Sisters/ ‡cRita Williams-Garcia. |
| 250 | . | ‡aFirst edition. | |
| 260 | . | ‡aNew York : ‡bAmistad, ‡c©2010. | |
| 300 | . | ‡a218 pages ; ‡c22 cm | |
| 336 | . | ‡atext ‡btxt ‡2rdacontent | |
| 337 | . | ‡aunmediated ‡bn ‡2rdamedia | |
| 338 | . | ‡avolume ‡bnc ‡2rdacarrier | |
| 490 | 1 | . | ‡aGaither Sisters ; ‡vBk 1 |
| 520 | . | ‡aIn One Crazy Summer, eleven-year-old Delphine is like a mother to her two younger sisters, Vonetta and Fern. She's had to be, ever since their mother, Cecile, left them seven years ago for a radical new life in California. But when the sisters arrive from Brooklyn to spend the summer with their mother, Cecile is nothing like they imagined. While the girls hope to go to Disneyland and meet Tinker Bell, their mother sends them to a day camp run by the Black Panthers. Unexpectedly, Delphine, Vonetta, and Fern learn much about their family, their country, and themselves during one truly crazy summer. | |
| 521 | 1 | . | ‡aAges 9-12. |
| 586 | 8 | . | ‡aA Junior Library Guild selection |
| 586 | . | ‡aNewbery Honor Book, 2011 | |
| 586 | . | ‡aCoretta Scott King Author Award, 2011 | |
| 586 | . | ‡aNational Book Award Winner, 2011 | |
| 610 | 2 | 0. | ‡aBlack Panther Party ‡vJuvenile fiction. |
| 650 | 1. | ‡aSisters ‡vFiction. | |
| 650 | 1. | ‡aMothers ‡vFiction. | |
| 650 | 1. | ‡aPoets ‡vFiction. | |
| 650 | 1. | ‡aAfrican Americans ‡vFiction. | |
| 650 | 1. | ‡aCivil rights movements ‡vFiction. | |
| 651 | 1. | ‡aOakland (California) ‡xHistory ‡y20th century ‡vFiction. | |
| 655 | 7. | ‡aJuvenile works | |
| 655 | 7. | ‡aHistorical fiction. ‡2lcgft | |
| 655 | 7. | ‡aNovels. ‡2lcgft | |
| 901 | . | ‡a121266 ‡bUnknown ‡c121266 ‡tbiblio | |